00392 2200157 4500001002100000005001500021035002000036245004700056100002100103300002600124260002800150082000800178084001400186020002200200990001200222INLIS00000000000293120250917091838 a0010-09250002781 aKisah Kasih Di Sekolah /cEidelweis Almira0 aEidelweis Almira a220 hlm ;c13 x 19 cm aJakarta :bZettu,c2013 a813 a813 EID k a978-602-7999-52-7 a0755702